[Event "Challenge"]
[Site "http://www.queenalice.com/game.php?id=1147665"]
[Date "2013.2.1"]
[Round "-"]
[White "MASTROIANNI"]
[Black "trimetria"]
[Result "0-1"]
[WhiteElo "1574"]
[BlackElo "1964"]

1. d4 d5 2. e3 e6 3. c4 c5 4. cxd5 exd5 5. f4 Nc6 6. Nf3 Bg4 7. Bb5 Nf6 8. h3
Bxf3 9. Qxf3 a6 10. Ba4 b5 11. Bc2 c4 12. Bd2 Bb4 13. Bxb4 Nxb4 14. Na3 Qa5 15.
O-O Nxc2 16. Nxc2 Qd2 17. Rac1 Qa5 18. a3 Qc7 19. g4 O-O 20. g5 Ne4 21. Kh2 f5
22. h4 g6 23. Rh1 Rfc8 24. h5 c3 25. b3 a5 26. hxg6 hxg6 27. Kg2 a4 28. b4 Ra7
29. Qh3 Qg7 30. Rh2 Kf7 31. Qh7 Rg8 32. Rch1 Ke6 33. Qxg7 Raxg7 34. Rh8 Kf7 35.
Ne1 Nd2 36. Nd3 Nc4 37. Ne5+ Ke6 38. Nxc4 dxc4 39. Rxg8 Rxg8 40. Rc1 Kd5 41.
Rxc3 Ke4 42. Kf2 Rh8 43. Kg3 Rh1 44. Kf2 Rh2+ 45. Kg3 Re2 46. Kh3 Rxe3+ 47.
Rxe3+ Kxe3 48. d5 c3 49. d6 c2 50. d7 c1=Q 51. d8=Q Qf1+ 52. Kg3 Qxf4+ 53. Kg2
Qg4+ 54. Kh2 Qh4+ 55. Kg2 Qe4+ 56. Kh2 f4 57. Qb6+ Kf3 58. Qxb5 Qc2+ 59. Kg1
Qg2# 0-1

[Event "Challenge"]
[Site "http://www.queenalice.com/game.php?id=1152738"]
[Date "2013.2.17"]
[Round "-"]
[White "trimetria"]
[Black "askasl159"]
[Result "1-0"]
[WhiteElo "1965"]
[BlackElo "1717"]

1. d4 d5 2. Nf3 f5 3. c4 Nf6 4. e3 e6 5. Nc3 b6 6. cxd5 exd5 7. Bb5+ c6 8. Ba4
Ba6 9. Bc2 Qd7 10. Bd2 Bd6 11. b3 O-O 12. Qb1 c5 13. Bd3 Bxd3 14. Qxd3 cxd4 15.
Nxd4 g6 16. h3 Be5 17. O-O Nc6 18. Nxc6 Qxc6 19. Rac1 Qd7 20. Rfd1 Rad8 21. f4
Bc7 22. Be1 Qc6 23. Nb5 Qe6 24. Nxc7 Qe4 25. Qxe4 dxe4 26. Ne6 Rxd1 27. Rxd1 Re8
28. Nc7 Re7 29. Nb5 h5 30. Bh4 Kg7 31. Bxf6+ Kxf6 32. Rd6+ Kg7 33. Nd4 Rb7 34.
b4 a5 35. b5 a4 36. a3 Kf7 37. Nc6 Rc7 38. Rd8 Ke6 39. Rb8 Kd5 40. Rxb6 Kc5 41.
Rb8 Rd7 42. Nd4 1-0

[Event "Challenge"]
[Site "http://www.queenalice.com/game.php?id=1172159"]
[Date "2013.4.16"]
[Round "-"]
[White "AlekinePb"]
[Black "trimetria"]
[Result "0-1"]
[WhiteElo "1939"]
[BlackElo "1977"]

1. d4 e6 2. c4 c5 3. Nf3 Nc6 4. d5 exd5 5. cxd5 Na5 6. Nc3 b6 7. e4 Bb7 8. a3
Nf6 9. b4 cxb4 10. axb4 Bxb4 11. Bb2 Rc8 12. Qb3 Nxb3 13. Be2 Nxa1 14. O-O Nc2
0-1

[Event "Challenge"]
[Site "http://www.queenalice.com/game.php?id=1172955"]
[Date "2013.4.18"]
[Round "-"]
[White "askasl159"]
[Black "trimetria"]
[Result "0-1"]
[WhiteElo "1784"]
[BlackElo "2041"]

1. e4 c5 2. f4 e6 3. Nf3 d5 4. Bb5+ Bd7 5. Bxd7+ Nxd7 6. e5 Ne7 7. c3 g6 8. d4
Bg7 9. Be3 c4 10. Na3 a6 11. b3 Qa5 12. Qc1 b5 13. bxc4 bxc4 14. O-O O-O 15. Nc2
Qxc3 16. a3 Nf5 17. Re1 Nxe3 18. Rxe3 Qa5 19. Nb4 Qc7 20. Nd2 Bh6 21. Rf3 a5 22.
Na2 Rfb8 23. Nc3 Ra6 24. a4 Nb6 25. Nb5 Qc6 26. Qc3 Na8 27. Qa3 Bf8 28. Qc3 Bb4
29. Qc2 Nc7 30. Nxc7 Qxc7 31. Nf1 c3 32. Ne3 Rc6 33. Ng4 Be7 34. Rc1 Rb2 35. Qd3
c2 36. Ne3 Rb1 37. Rff1 Rc3 38. Qd2 Bb4 39. Rxb1 cxb1=Q 40. Rxb1 Rb3 41. Qa2
Rxe3 42. Kf2 Qc3 43. Qb2 Qxb2+ 44. Rxb2 Ra3 45. h4 Rxa4 46. Rb3 Ra2+ 47. Kf3 Be1
48. g3 a4 49. Rb1 Bc3 50. Kg4 Bxd4 51. Kg5 a3 52. Kf6 Bb2 53. Rf1 Ra1 54. Rf3
Rc1 55. Rb3 Rc8 56. g4 d4 57. h5 Bc1 58. hxg6 hxg6 59. f5 a2 60. fxg6 fxg6 61.
Kxg6 a1=Q 62. Rf3 Qb1+ 63. Kh5 Qh7# 0-1

[Event "Challenge"]
[Site "http://www.queenalice.com/game.php?id=1173228"]
[Date "2013.4.19"]
[Round "-"]
[White "trimetria"]
[Black "AlekinePb"]
[Result "0-1"]
[WhiteElo "2004"]
[BlackElo "1845"]

1. d4 Nf6 2. Bg5 Ne4 3. Nf3 Nxg5 4. Nxg5 e5 5. Nf3 e4 6. Nfd2 d5 7. e3 Be7 8. c4
c6 9. Nc3 Be6 10. Be2 O-O 11. Qc2 f5 12. O-O-O dxc4 13. Bxc4 Bxc4 14. Nxc4 Na6
15. Qb3 Kh8 16. Qxb7 Nc7 17. Qxc6 Rc8 18. Qa4 Ne8 19. Nd2 Qb6 20. Nc4 Qc7 21. g3
Qxc4 22. Qxc4 Rxc4 23. Rd2 Bb4 24. Rc2 Nd6 25. Nd5 Rxc2+ 26. Kxc2 a5 27. a3 Rd8
28. axb4 axb4 29. Nxb4 Nc4 30. Ra1 h6 31. h4 Rc8 32. Kd1 Nxb2+ 33. Ke2 Nc4 34.
Ra7 Rb8 35. Nc6 Rb2+ 36. Ke1 Rb1+ 37. Ke2 Rb2+ 38. Kf1 Nd2+ 39. Kg2 Nc4 40. Ne7
Nxe3+ 41. Kg1 Rb1+ 42. Kh2 Ng4+ 43. Kg2 Rb2 44. Ra8+ Kh7 45. Nxf5 Rxf2+ 46. Kh3
Rxf5 47. Kxg4 Rd5 48. Ra4 Rd7 49. Kf4 Re7 50. d5 e3 51. Kf3 e2 52. Ra1 e1=Q 53.
Rxe1 Rxe1 54. Kf4 Rd1 55. Ke5 Kg6 56. g4 Re1+ 57. Kf4 Rd1 58. h5+ Kf6 0-1

[Event "Challenge"]
[Site "http://www.queenalice.com/game.php?id=1174021"]
[Date "2013.4.22"]
[Round "-"]
[White "trimetria"]
[Black "AlekinePb"]
[Result "0-1"]
[WhiteElo "2034"]
[BlackElo "1839"]

1. d4 Nf6 2. c4 g6 3. Bg5 Bg7 4. Nc3 O-O 5. e3 d6 6. Nf3 c6 7. Bd3 Nbd7 8. O-O
Qc7 9. b3 e5 10. e4 Re8 11. Rc1 exd4 12. Nxd4 Ne5 13. Nf3 Bg4 14. Bxf6 Bxf6 15.
Be2 Bg7 16. Nxe5 Bxe2 17. Qxe2 dxe5 18. Rfd1 Rad8 19. Rxd8 Rxd8 20. Rd1 Rd4 21.
f3 Qa5 22. Qc2 Qd8 23. h3 Qh4 24. Qf2 Qd8 25. Qe3 Rxd1+ 26. Nxd1 Qxd1+ 27. Kh2
Qd4 28. Qe2 c5 29. g3 f5 30. exf5 gxf5 31. Kg2 e4 32. fxe4 Qxe4+ 33. Qf3 Kf7 34.
g4 Qxf3+ 35. Kxf3 fxg4+ 36. Kxg4 Ke6 37. Kf4 a6 38. h4 b5 39. h5 Bh6+ 40. Ke4 b4
41. Kf3 Ke5 42. Kg4 Kd4 43. Kf5 Kc3 44. Ke5 Kb2 45. Kd5 Be3 46. a4 Kxb3 47. a5
Ka4 48. h6 Kxa5 49. Ke6 Bxh6 0-1

[Event "Challenge"]
[Site "http://www.queenalice.com/game.php?id=1175604"]
[Date "2013.4.26"]
[Round "-"]
[White "trimetria"]
[Black "AlekinePb"]
[Result "1-0"]
[WhiteElo "2021"]
[BlackElo "1796"]

1. d4 Nf6 2. c4 e6 3. Nf3 b6 4. Bg5 Bb7 5. e3 d6 6. Nbd2 Nbd7 7. Bd3 e5 8. Bf5
Be7 9. Bxd7+ Nxd7 10. Bxe7 Qxe7 11. O-O O-O 12. e4 exd4 13. Nxd4 Bxe4 14. Nxe4
Ne5 15. b3 f5 16. Nc3 f4 17. Nf3 Rad8 18. Nxe5 dxe5 19. Qg4 Qf6 20. Nd5 Qd6 21.
Rad1 Qc5 22. Qe6+ Kh8 23. Qxe5 c6 24. b4 Qxc4 25. Ne7 Rxd1 26. Rxd1 Qc2 27. Qd6
f3 28. Qd2 Qxd2 29. Rxd2 Re8 30. gxf3 g6 31. Nxc6 Kg7 32. Nxa7 Ra8 33. Nc6 Rc8
34. Ne7 Re8 35. Nd5 b5 36. Nc7 Re7 37. Nxb5 Rb7 38. a4 Ra7 39. Nc3 Rc7 40. Ne4
h5 41. a5 1-0

[Event "Challenge"]
[Site "http://www.queenalice.com/game.php?id=1176451"]
[Date "2013.4.29"]
[Round "-"]
[White "trimetria"]
[Black "AlekinePb"]
[Result "1-0"]
[WhiteElo "2032"]
[BlackElo "1789"]

1. d4 Nf6 2. c4 e6 3. Nf3 d5 4. e3 b6 5. Nc3 Bb7 6. Bd2 Nbd7 7. Be2 Be7 8. O-O
O-O 9. Qc2 c5 10. Ne5 dxc4 11. Nxd7 Qxd7 12. Bxc4 a6 13. Rad1 b5 14. Be2 Qc6 15.
Bf3 Qb6 16. Bxb7 Qxb7 17. dxc5 Bxc5 18. a3 Rac8 19. b4 Be7 20. Qb1 Rc4 21. Ne2
Rfc8 22. h3 Rc2 23. Ng3 Nd5 24. Rfe1 Bf6 25. Ne4 Be5 26. Nc5 R8xc5 27. bxc5 Rxc5
28. Bb4 Rc4 29. e4 Bc3 30. Bxc3 Nxc3 31. Rd8# 1-0

[Event "Challenge"]
[Site "http://www.queenalice.com/game.php?id=1185587"]
[Date "2013.5.29"]
[Round "-"]
[White "trimetria"]
[Black "eddval"]
[Result "0-1"]
[WhiteElo "1977"]
[BlackElo "2092"]

1. d4 Nf6 2. Bg5 Ne4 3. Bf4 d5 4. f3 Nf6 5. e3 e6 6. c4 c6 7. Nd2 Bd6 8. Bxd6
Qxd6 9. c5 Qc7 10. Bd3 b6 11. b4 a5 12. cxb6 Qxb6 13. bxa5 Qxa5 14. Ne2 Ba6 15.
Bxa6 Nxa6 16. O-O c5 17. Nb3 Qa3 18. Qc1 Qxc1 19. Rfxc1 c4 20. Nd2 Kd7 21. Nc3
Rhb8 22. Rc2 Nb4 23. Rcc1 Ra3 24. Nd1 Nd3 25. Rcb1 Rba8 26. Nb2 Nxb2 27. Rxb2
Kc7 28. Nf1 R8a7 29. Kf2 Ne8 30. Ke2 Nd6 31. Kd1 Rd3+ 32. Kc2 Raa3 33. Re1 Kc6
34. g4 Nb5 0-1

[Event "Challenge"]
[Site "http://www.queenalice.com/game.php?id=1618909"]
[Date "2020.7.2"]
[Round "-"]
[White "trimetria"]
[Black "PatricioKM"]
[Result "1-0"]
[WhiteElo "1964"]
[BlackElo "1716"]

1. d4 d5 2. e3 a6 3. c4 e6 4. Nf3 Nc6 5. a3 g6 6. Nbd2 Bg7 7. b4 Nf6 8. cxd5
exd5 9. Bd3 O-O 10. O-O Qd6 11. Bb2 Ng4 12. e4 dxe4 13. Nxe4 Qd8 14. Bc4 b5 15.
Bb3 Bf5 16. Rc1 Bxe4 17. Nd2 Qh4 18. h3 Nf6 19. Nxe4 Nxe4 20. Rxc6 Ra7 21. Qc2
Nd6 22. Qc5 Nb7 23. Qxa7 Nd8 24. Rxc7 Ne6 25. Bxe6 1-0

[Event "Challenge"]
[Site "http://www.queenalice.com/game.php?id=1620635"]
[Date "2020.7.16"]
[Round "-"]
[White "Ricardoabreu"]
[Black "trimetria"]
[Result "0-1"]
[WhiteElo "1689"]
[BlackElo "1971"]

1. b3 d5 2. Bb2 Nf6 3. g3 e5 4. Bxe5 Nc6 5. Bb2 Bd6 6. Bg2 Be6 7. e3 O-O 8. h3
Re8 9. Nc3 d4 10. Ne4 dxe3 11. Nxf6+ gxf6 12. fxe3 Bxg3+ 13. Ke2 Bd5 14. Qf1
Bxg2 15. Qxg2 Qd6 16. Nf3 Kh8 17. Bxf6+ Qxf6 18. Qxg3 Rg8 19. Qf2 Nb4 20. c3 Nd5
21. Rhg1 Rae8 22. Rxg8+ Rxg8 23. Qh2 Rg6 24. Rg1 Qa6+ 25. Ke1 Qxa2 26. Qe5+ Nf6
27. Rxg6 Qb1+ 28. Ke2 Qxg6 29. Nh4 Qh5+ 30. Qxh5 Nxh5 31. Nf3 Kg7 32. Nd4 c6 33.
Nf5+ Kf6 34. Nd6 b6 35. Kf3 a5 36. Kg4 Kg6 37. e4 b5 38. e5 Ng7 39. h4 h5+ 40.
Kf4 Ne6+ 41. Ke4 Nc5+ 42. Kf4 Nxb3 43. Nf5 a4 44. Ne3 a3 45. Nc2 a2 46. Ke4
Nxd2+ 47. Kd3 Nb3 48. Ke2 a1=Q 49. Nxa1 Nxa1 50. Kd3 c5 51. Ke4 Nb3 52. Kd5 Kf5
53. Kd6 b4 54. cxb4 cxb4 55. Kc6 Nd2 0-1

[Event "Challenge"]
[Site "http://www.queenalice.com/game.php?id=1625307"]
[Date "2020.8.29"]
[Round "-"]
[White "trimetria"]
[Black "Diogolopes"]
[Result "0-1"]
[WhiteElo "1976"]
[BlackElo "1686"]

1. d4 d5 2. Nf3 f6 3. e3 g5 4. Nc3 c6 5. Be2 b5 6. b3 Qa5 7. Bb2 b4 8. Na4 e6 9.
Nd2 Nh6 10. Bh5+ Ke7 11. a3 Kd7 12. axb4 Qb5 13. Nc5+ Bxc5 14. bxc5 f5 15. Qe2
Ba6 16. Qxb5 Bxb5 17. Be2 Bxe2 18. Kxe2 g4 19. h3 Kc7 20. f4 Nd7 21. Nf1 gxh3
22. Rxh3 Ng4 23. Nh2 Kb7 24. Nxg4 fxg4 25. Rh4 h5 26. Rah1 Nf6 27. g3 Ne4 28.
Rg1 a5 29. Bc1 Ka6 30. Bd2 Rab8 31. Be1 a4 32. bxa4 Rb1 33. Bf2 Rxg1 34. Bxg1
Nxg3+ 35. Kd3 Ka5 36. Bf2 Ne4 37. Be1+ Kxa4 38. Rh1 g3 39. c4 h4 40. Bc3 Nf2+
0-1

[Event "Challenge"]
[Site "http://www.queenalice.com/game.php?id=1828933"]
[Date "2024.1.10"]
[Round "-"]
[White "trimetria"]
[Black "PaulMSains"]
[Result "1-0"]
[WhiteElo "1989"]
[BlackElo "1994"]

1. d4 d5 2. Nf3 Bf5 3. e3 a6 4. c4 e6 5. b3 Bb4+ 6. Bd2 Bxd2+ 7. Nbxd2 Nf6 8. c5
O-O 9. Be2 Nc6 10. O-O h6 11. Ne5 Nxe5 12. dxe5 Ne4 13. Nxe4 Bxe4 14. Bf3 Bxf3
15. Qxf3 Qg5 16. Qf4 Qxf4 17. exf4 c6 18. Rfd1 Rfd8 19. f3 Rd7 20. Kf2 d4 21.
Rd3 Rad8 22. g4 g6 23. h4 Kg7 24. g5 h5 25. Rad1 Rd5 26. b4 a5 27. a3 axb4 28.
axb4 R8d7 29. Ke2 Kf8 30. Kd2 Ke8 31. Ra1 Kd8 32. Rda3 Kc7 33. Kd3 Rd8 34. Ra5
Rb8 35. R1a4 b5 36. Ra7+ Rb7 37. R4a6 Rd7 38. Ra8 Rd5 39. Rf8 Rd7 40. Raa8 1-0

[Event "Challenge"]
[Site "http://www.queenalice.com/game.php?id=1828934"]
[Date "2024.1.10"]
[Round "-"]
[White "trimetria"]
[Black "Givanildo"]
[Result "1-0"]
[WhiteElo "2005"]
[BlackElo "1712"]

1. d4 d5 2. Nf3 h6 3. e3 a6 4. c4 Bg4 5. Be2 e6 6. Ne5 Bxe2 7. Qxe2 Bb4+ 8. Bd2
Bxd2+ 9. Nxd2 Nf6 10. O-O O-O 11. Rfc1 Nc6 12. Rc2 Nxe5 13. dxe5 Nh7 14. Rac1 c6
15. cxd5 exd5 16. f4 Qe7 17. Qg4 f6 18. Rf1 f5 19. Qh5 Qe6 20. Rf3 Rf7 21. Nb3
b6 22. Nd4 Qe7 23. Nxf5 Rxf5 24. Qxf5 Rf8 25. Qg4 c5 26. b4 c4 27. Rh3 Kh8 28.
a3 a5 29. Rg3 g5 30. Rh3 Rg8 31. Rxh6 Qf8 32. g3 Qxh6 33. e6 Nf6 34. Qf5 Ng4 35.
Qxg4 gxf4 36. Qxf4 Qxe6 37. e4 dxe4 38. Qh4+ Kg7 39. Qg5+ Kf8 40. Rf2+ Ke8 41.
Qh5+ Kd8 42. bxa5 e3 43. Rb2 Qe4 44. axb6 Qd4 45. Re2 Rf8 46. Qg5+ Kc8 47. b7+
Kb8 48. Qxe3 Qd1+ 49. Re1 Qd7 50. Qc5 Rd8 51. Qxc4 Qxb7 52. Qf4+ Ka7 53. h4 Qb6+
54. Kh2 Qb2+ 55. Kh3 Qb7 56. a4 Qd7+ 57. g4 Rb8 58. h5 Rb3+ 59. Kh4 Qd8+ 60. g5
Rd3 61. h6 Rd4 62. Re4 Rd6 63. Qe3+ Ka8 64. Re8 Rxh6+ 65. Kg4 Rd6 66. Rxd8+ Rxd8
67. g6 Rg8 68. Qe6 Rb8 69. Kg5 Ka7 70. g7 Rb6 71. Qe3 Ka6 72. g8=Q Ka5 73. Qc4
Rb5+ 74. Qxb5# 1-0

[Event "Challenge"]
[Site "http://www.queenalice.com/game.php?id=1829194"]
[Date "2024.1.12"]
[Round "-"]
[White "trimetria"]
[Black "Capixaba789"]
[Result "1-0"]
[WhiteElo "1948"]
[BlackElo "1823"]

1. d4 d5 2. Nf3 Bf5 3. e3 Nf6 4. Bd3 Bxd3 5. Qxd3 Nc6 6. c4 e6 7. Nc3 Be7 8. Bd2
a6 9. O-O O-O 10. a3 dxc4 11. Qxc4 Rb8 12. b4 Re8 13. Rfc1 Nd5 14. Ne4 Nf6 15.
Nc5 Qd5 16. Nxb7 Nxd4 17. Nxd4 Qxc4 18. Rxc4 Rxb7 19. Rac1 Nd5 20. e4 Nf6 21.
Rxc7 Rxc7 22. Rxc7 Nxe4 23. Be3 Bf6 24. Ra7 h6 25. Rxa6 Rd8 26. f3 Nd6 27. Nc6
1-0

[Event "Challenge"]
[Site "http://www.queenalice.com/game.php?id=1829196"]
[Date "2024.1.12"]
[Round "-"]
[White "trimetria"]
[Black "CCapivara"]
[Result "1-0"]
[WhiteElo "1959"]
[BlackElo "2309"]

1. d4 d6 2. Nf3 Nf6 3. e3 Bg4 4. Be2 Nbd7 5. c4 e5 6. d5 Be7 7. Nfd2 Bxe2 8.
Qxe2 O-O 9. Nc3 c6 10. e4 cxd5 11. Nxd5 Nxd5 12. cxd5 f5 13. Qh5 fxe4 14. Nxe4
Qa5+ 15. Nc3 Rac8 16. Qg4 Nc5 17. Bh6 Rf7 18. Qxc8+ 1-0